LEADER 01061nam0-22003011--450- 001 990008861950403321 005 20091021120717.0 035 $a000886195 035 $aFED01000886195 035 $a(Aleph)000886195FED01 035 $a000886195 100 $a20090603d1908----km-y0itay50------ba 101 0 $aita 102 $aIT 105 $ay-------001yy 200 1 $a<>cabale del mondo legale$ediscorso letto nell'adunanza solenne del R. Istituto Veneto di scienze, lettere ed arti il 24 maggio 1908 in Palazzo Ducale (Sala dei Pregadi)$fVittorio Polacco 210 $aVenezia$cC. Ferrari$d1908 215 $aP. 156-186$d25 cm 300 $aEstr. da: Atti del R. Istituto Veneto di scienze, lettere ed arti, anno accademico 1907-908, tomo 47, parte 1 676 $a340$v11 rid.$zita 700 1$aPolacco,$bVittorio$f<1859-1926>$0227941 801 0$aIT$bUNINA$gRICA$2UNIMARC 901 $aBK 912 $a990008861950403321 952 $aBUSTA 40 (4) 13$b34533$fFGBC 959 $aFGBC 996 $aCabale del mondo legale$9803694 997 $aUNINA LEADER 00899nam2 22002651i 450 001 990007606330403321 005 20080212115128.0 035 $a000760633 035 $aFED01000760633 035 $a(Aleph)000760633FED01 035 $a000760633 100 $a20030814d1998----km-y0itay50------ba 101 0 $aita 105 $ay-------000yy 200 1 $a<>pianificazione territoriale come strumento di tutela ambientale e di sviluppo regionale integrato in Campania$fCitarella Francesco 215 $av.2, p. 363 - 375 463 0$1001000748370 610 0 $aCampania$aPianificazione territoriale 700 1$aCitarella,$bFrancesco$038931 801 0$aIT$bUNINA$gRICA$2UNIMARC 901 $aAN 912 $a990007606330403321 959 $aILFGE 996 $aPianificazione territoriale come strumento di tutela ambientale e di sviluppo regionale integrato in Campania$9685305 997 $aUNINA